Francisco de Paula Brito : A Black Publisher in Imperial Brazil /
"Francisco de Paula Brito: A Black Publisher in Imperial Brazil is the biography of a black merchant, printer, bookseller, and publisher who lived in Rio de Janeiro from his birth in 1809 until his death in 1861"--
| Autor principal: | |
|---|---|
| Otros Autores: | |
| Formato: | Electrónico eBook |
| Idioma: | Inglés Portugués |
| Publicado: |
Nashville :
Vanderbilt University Press,
[2020]
|
| Colección: | Book collections on Project MUSE.
|
| Temas: | |
| Acceso en línea: | Texto completo |
MARC
| LEADER | 00000cam a22000004a 4500 | ||
|---|---|---|---|
| 001 | musev2_81002 | ||
| 003 | MdBmJHUP | ||
| 005 | 20230905052323.0 | ||
| 006 | m o d | ||
| 007 | cr||||||||nn|n | ||
| 008 | 200624s2020 tnu o 00 0 eng d | ||
| 010 | |z 2020019524 | ||
| 020 | |a 9780826501387 | ||
| 035 | |a (OCoLC)1163943714 | ||
| 040 | |a MdBmJHUP |c MdBmJHUP | ||
| 041 | 1 | |a eng |h por | |
| 100 | 1 | |a Godoi, Rodrigo Camargo de, |e author. | |
| 240 | 1 | 0 | |a Editor no Imperio. |l English |
| 245 | 1 | 0 | |a Francisco de Paula Brito : |b A Black Publisher in Imperial Brazil / |c Rodrigo Camargo de Godoi, ; translated by H. Sabrina Gledhill. |
| 264 | 1 | |a Nashville : |b Vanderbilt University Press, |c [2020] | |
| 264 | 3 | |a Baltimore, Md. : |b Project MUSE, |c 2021 | |
| 264 | 4 | |c ©[2020] | |
| 300 | |a 1 online resource (364 pages). | ||
| 336 | |a text |b txt |2 rdacontent | ||
| 337 | |a computer |b c |2 rdamedia | ||
| 338 | |a online resource |b cr |2 rdacarrier | ||
| 500 | |a Originally presented as the author's thesis (doctoral)--Universidade Estadual de Campinas, 2014. | ||
| 520 | |a "Francisco de Paula Brito: A Black Publisher in Imperial Brazil is the biography of a black merchant, printer, bookseller, and publisher who lived in Rio de Janeiro from his birth in 1809 until his death in 1861"-- |c Provided by publisher. | ||
| 588 | |a Description based on print version record. | ||
| 600 | 1 | 7 | |a Brito, Francisco de Paula, |d 1809-1861 |2 fast |0 (OCoLC)fst00462318 |
| 600 | 1 | 0 | |a Brito, Francisco de Paula, |d 1809-1861. |
| 650 | 7 | |a HISTORY / Latin America / South America |2 bisacsh | |
| 650 | 7 | |a Publishers and publishing |2 fast |0 (OCoLC)fst01083463 | |
| 650 | 7 | |a Poets, Brazilian |2 fast |0 (OCoLC)fst01067835 | |
| 650 | 0 | |a Poets, Brazilian |y 19th century |v Biography. | |
| 650 | 0 | |a Publishers and publishing |z Brazil |z Rio de Janeiro |x History |y 19th century. | |
| 650 | 0 | |a Publishers and publishing |z Brazil |z Rio de Janeiro |v Biography. | |
| 651 | 7 | |a Brazil |z Rio de Janeiro |2 fast |0 (OCoLC)fst01205337 | |
| 655 | 7 | |a History |2 fast |0 (OCoLC)fst01411628 | |
| 655 | 7 | |a Biographies |2 fast |0 (OCoLC)fst01919896 | |
| 655 | 7 | |a Electronic books. |2 local | |
| 700 | 1 | |a Gledhill, Sabrina, |e translator. | |
| 710 | 2 | |a Project Muse. |e distributor | |
| 830 | 0 | |a Book collections on Project MUSE. | |
| 856 | 4 | 0 | |z Texto completo |u https://projectmuse.uam.elogim.com/book/81002/ |
| 945 | |a Project MUSE - Custom Collection | ||
| 945 | |a Project MUSE - 2021 Complete | ||
| 945 | |a Project MUSE - 2021 History | ||
| 945 | |a Project MUSE - 2021 Latin American and Caribbean Studies | ||


